000 00463nam a2200133Ia 4500
008 100328s9999 xx 000 0 und d
082 _b29305
100 _aआपटे ह.ना.
245 _aमराठी वाङमयाचा अभ्यास
260 _bआर्यभूषण
630 _aमराठी वाङमयाचा अभ्यास
730 _aमराठी वाङमयाचा अभ्यास
942 _cBOOK
999 _c520347
_d520344